Random Knowledge Quiz #73 - Statistics

General Stats
  • This quiz has been taken 137 times
  • The average score is 9 of 15
Answer Stats
Question Answer % Correct
What is the common name for a multicolored arc made by light striking water droplets? Rainbow
94%
Which autonomous territory of Denmark has Donald Trump shown interest in purchasing? Greenland
85%
Gray, blue, bowhead and finback are varieties of what? Whales
84%
Fill in these lyrics: I'm a ______ girl, in the ______ world / Life in plastic, it's fantastic Barbie
77%
What does "three dots, three dashes, three dots" spell in Morse code? SOS
77%
POTUS stands for what? President of the United States
66%
Who has a person killed if they have commited regicide? The king or queen
65%
What's the word for the explanation of something by a man, typically to a woman, in a manner regarded as condescending or patronizing? Mansplaining
63%
Hellas is the local name for which country? Greece
59%
How many deaths were recorded from The Great Fire of London? (note: 'recorded') 6
57%
What is Mozart's full name? Wolfgang Amadeus Mozart
48%
How many puppies do Pongo and Perdita originally have in 101 dalmatians? 15
32%
What did the "Hollywood" sign in Los Angeles originally say? Hollywoodland
30%
Which current makes North West Europe warmer than it would otherwise be? Gulf Stream
25%
What is the name of the Queen of Swan Maidens (or White Swan) in the ballet Swan Lake? Odette
10%
No matching quizzes found
Score Distribution
Percent of People with Each Score
Percentile by Number Answered
Your Score History
You have not taken this quiz